Karely

Titel: Karely : istoriko-ėtnografičeskij očerk / E. I. Klementʹev
Verfasser:
Ausgabe: Izd. 1
Veröffentlicht: Petrozavodsk : Periodika, 2008
Umfang: 243 S. : Ill.
Format: Buch
Sprache: Russisch
Schriftenreihe/
mehrbändiges Werk:
Bibliotheca Fenno-Ugrica
Schlagworte:
ISBN: 9789639876019 ; 9785881701758
Buchumschlag
X
Lokale Klassifikation: 41 8 K 61 ; 41 3 J ; 41 10 B
alg: 21667384
001A    $03004:14-10-09 
001B    $06055:13-03-26 $t20:23:13.000 
001C    $03004:14-10-09 $t13:53:07.000 
001D    $03004:14-10-09 
001U    $0utf8 
001X    $00 
002@    $0Aau 
003@    $0216673844 
003O    $0255163422 $aOCoLC 
004A    $A978-963-9876-01-9 
004A    $A978-5-88170-175-8 
007A    $0216673844 $aHEB 
007G    $0DE020103BD28ABF9F88AFC125795100572C21 
009P    $qapplication/pdf $A2 $3Inhaltsverzeichnis $uhttp://scans.hebis.de/HEBCGI/show.pl?21667384_toc.pdf $mV:DE-603;B:DE-Mb50 
010@    $arus 
011@    $a2008 
021A    $aKarely $distoriko-ėtnografičeskij očerk $hE. I. Klementʹev 
028A    $#Klementʹev, Evgenii Ivanovich $#Klementʹev, Evgenij $#Klementʹev, Evgenij Ivanovič $D20231015 $Ecgwrk $71158552297 $8Klementʹev, Evgenij I. [Tp6] $9430398050 
032@    $aIzd. 1 
033A    $pPetrozavodsk $nPeriodika 
034D    $a243 S. 
034M    $aIll. 
036G    $aBibliotheca Fenno-Ugrica 
044K    $#Karelien $D20251120 $Ecgmnf $74029658-1 $8Karelien [Tg1] $9085078409 
044K    $RKultur $RAlltagskultur $RArbeiterkultur $RIndustriekultur $RMassenkultur $#Popular culture $#Culture populaire $#Culture de masse $#Cultura popolare $#Folklore $#Populärkultur Volkskultur $#Popularkultur Volkskultur $#Volksleben $#Folklore Volkskultur $D20251120 $Ecgmnf $74063849-2 $8Volkskultur [Ts1] $9085178993 
045F    $a390.09471 $eDDC23BSB 
045F/01 $a390 
045F/03 $g471 
045G    $a400 $eDDC23BSB 
045G/01 $a400 
045G/03 $g471 
046L    $aIn kyrill. Schr., russ. 
046M    $aLiteraturverz. S. 240 - [244] 

lok: 21667384 24
101B    $014-10-09 $t13:53:52.000 
101C    $014-10-09 
101U    $0utf8 
145Z/01 $a41 8 K 61 
145Z/02 $a41 3 J 
145Z/03 $a41 10 B 

exp: 21667384 24 1 #EPN
201B/01 $014-10-09 $t13:57:42.000 
201C/01 $014-10-09 
201U/01 $0utf8 
203@/01 $0582808332 
208@/01 $a14-10-09 $bz 
209A/01 $a09.6609 $du $f050 $h09 6609 $x00 
209C/01 $a09.6609 T $h09 6609 T 
209G/01 $a72460006 $x00 
220C/01 $aost 
247C/01 $8358050-7 Marburg, Bibliothek des Herder-Instituts Marburg $9102600961
LEADER 00000cam a2200000 c 4500
001 216673844
003 DE-603
005 20260313202313.0
007 tu
008 091014s2008 xx |||| | u00||u|rus c
020 |a 9789639876019 
020 |a 9785881701758 
035 |a (DE-599)HEB216673844 
035 |a (OCoLC)255163422 
040 |a DE-603  |b ger  |c DE-603  |d DE-603 
041 |a rus 
082 0 4 |8 1\u  |a 390.09471  |q DE-101  |2 23/BSB 
083 0 |8 2\u  |a 400  |q DE-101  |2 23/BSB 
085 |8 1\u  |b 390 
085 |8 1\u  |z 2  |s 471 
085 |8 2\u  |b 400 
085 |8 2\u  |z 2  |s 471 
100 1 |a Klementʹev, Evgenij I.  |0 (DE-603)430398050  |0 (DE-588)1158552297  |2 gnd 
245 0 0 |a Karely  |b istoriko-ėtnografičeskij očerk  |c E. I. Klementʹev 
250 |a Izd. 1 
264 1 |a Petrozavodsk  |b Periodika  |c 2008 
300 |a 243 S.  |b Ill. 
490 0 |a Bibliotheca Fenno-Ugrica 
504 |a Literaturverz. S. 240 - [244] 
546 |a In kyrill. Schr., russ. 
650 7 |a Volkskultur  |0 (DE-588)4063849-2  |0 (DE-603)085178993  |2 gnd 
651 7 |a Karelien  |0 (DE-588)4029658-1  |0 (DE-603)085078409  |2 gnd 
856 4 2 |m V:DE-603;B:DE-Mb50  |q application/pdf  |u http://scans.hebis.de/HEBCGI/show.pl?21667384_toc.pdf  |3 Inhaltsverzeichnis 
924 0 |9 Mb 50  |a (DE-603)582808332  |b DE-Mb50  |c HES  |d c  |g 09.6609